000 00473nam a22001817a 4500
003 OSt
005 20241030163940.0
008 241030b |||||||| |||| 00| 0 eng d
020 _a9780471289685
040 _cm
050 _aNC710
_b.C66
100 _aChing, Francis D. K.
245 _aDrawing/
_ba creative process
_cFrancis D. K. Ching
260 _aNew York
_bJohn Wiley & sons, Inc
_c1990
300 _a206pages
_bill.
_c21.5cm
650 _2Drawing
942 _2lcc
_cBK
_n0
999 _c388
_d388